[Event "TIPC 2015"]
[Site "Roux"]
[Date "2015.08.08"]
[Round "9.2"]
[White "Hovhannisyan, Mher"]
[Black "Hautot, Stéphane"]
[Result "1-0"]
[BlackElo "2360"]
[WhiteElo "2515"]
[LiveChessVersion "1.4.6"]

1. d4  d5  2. Nf3  Nf6
 3. c4  c6  4. Nc3
 e6  5. g3  dxc4 
6. Bg2  b5  7. Ne5  Qb6
 8. O-O  Be7  9. b3
 cxb3 10. Qxb3  Bb7  11. Rd1
 O-O  12. e4  a5 
13. Be3  a4  14. Qc2  Qa5
 15. a3  Na6  16. Nd3
 Rac8  17. Rdb1  Ba8
 18. Bd2  Qd8  19. e5
 Nd5  20. Ne4  Nb6
 21. Ndc5  Nxc5  22. dxc5
 Nd7  23. Bf4  g5
 24. Be3  Nxe5  25. Rd1
 Qc7  26. Nxg5  Ng6
 27. h4  Rfd8  28. h5
 Nf8  29. Qc3  Rxd1+ 30. Rxd1 Rd8
 31. Re1  e5  32. f4
 Bf6  33. Ne4  Bg7
 34. f5  Qe7  35. h6
 Bh8  36. Bg5  f6
 37. Be3  Qf7  38. Nd6
 Qa7  39. Qc2  1-0

[Event "TIPC 2015"]
[Site "Roux"]
[Date "2015.08.08"]
[Round "9.3"]
[White "Kveinys, Aloyzas"]
[Black "Capone, Nicola"]
[Result "1-0"]
[BlackElo "2379"]
[WhiteElo "2491"]
[LiveChessVersion "1.4.6"]

1. Nf3  Nf6  2. c4  e6
 3. g3  d5  4. Bg2
 dxc4  5. Qa4+  Nbd7
 6. Qxc4  a6  7. Qc2
 c5  8. O-O  Be7 
9. Rd1  O-O  10. d4  Ra7
 11. Bg5  h6  12. Bxf6 Bxf6
 13. dxc5  Qa5  14. Nbd2
 Qxc5  15. Rac1  Qxc2
 16. Rxc2  b5  17. Ne4
 Nb6  18. Nxf6+  gxf6
 19. Rd6  Nc4  20. Rd3
 Rd7  21. Rxd7  Bxd7
 22. Nd2  Nb6  23. Ne4
 Kg7  24. b4  Rc8
 25. Nc5  Na4  26. Bb7
 Rb8  27. Bxa6  Nxc5
 28. bxc5  Bc6  29. Rb2
 Ra8  30. Bxb5  Bxb5
 31. Rxb5  Rxa2  32. Kf1
 Ra1+  33. Kg2  f5
 34. Rb7  Rc1  35. Rc7
 Kf6  36. f3  e5 
37. Rc8  Kg6  38. c6  Kf6
 39. Kf2  Rc3  40. Ke1
 Rc2  41. Kd1  Rc5
 42. Kd2  Ke7  43. Kd3
 Kf6  44. h4  h5 
45. e4  Rc1  46. Rh8  fxe4+
 47. Kxe4  Ke6  48. Re8+
 Kd6  49. Rc8  Ke6
 50. c7  Kf6  51. g4
 hxg4  52. fxg4  Rd1 53. g5+ 1-0

[Event "TIPC 2015"]
[Site "Roux"]
[Date "2015.08.08"]
[Round "9.4"]
[White "Soors, Stef"]
[Black "Lugovskoy, Maxim"]
[Result "0-1"]
[BlackElo "2431"]
[WhiteElo "2407"]
[LiveChessVersion "1.4.6"]

1. e4  e6  2. d4  d5
 3. Nd2  Nf6  4. e5
 Nfd7  5. c3  c5 
6. Bd3  Nc6  7. Ne2  cxd4
 8. cxd4  f6  9. exf6
 Qxf6  10. Nf3  h6
 11. O-O  Bd6  12. Ng3
 O-O  13. Bc2  Rf7
 14. Nh5  Qd8  15. Bg6
 Re7  16. Bf4  Nf8
 17. Bc2  Qc7  18. Bxd6
 Qxd6  19. Ba4  Bd7
 20. Bxc6  bxc6  21. Ne5
 Be8  22. Rc1  Rc8
 23. Re1  c5  24. Qg4
 Bxh5  25. Qxh5  Rec7
 26. dxc5  Rxc5  27. Qf7+
 Kh7  28. Rxc5  Qxc5
 29. h4  Qb4  30. Nf3
 Qxb2  31. Qxa7  Rc2
 32. a4  Qb4  33. Qf7
 Rc4  34. Re3  Rf4
 35. Qh5  Kg8  36. g3
 Rf6  37. Ne5  Qxa4
 38. Rf3  g6  39. Nxg6
 Qd1+  0-1

[Event "TIPC 2015"]
[Site "Roux"]
[Date "2015.08.08"]
[Round "9.5"]
[White "Dgebuadze, Alexandre"]
[Black "Van Melkebeke, Willem"]
[Result "1-0"]
[BlackElo "2080"]
[WhiteElo "2489"]
[LiveChessVersion "1.4.6"]

1. e4  c5  2. Ne2  Nc6
 3. Nbc3  e6  4. g3
 g6  5. d4  cxd4 
6. Nxd4  d6  7. Bg2  a6
 8. O-O  Bg7  9. Nxc6 bxc6
 10. Na4  Rb8  11. c4
 c5  12. Rb1  Ne7
 13. Bg5  h6  14. Be3
 Nc6  15. h3  Qc7
 16. Qd2  Nd4  17. b4
 Bd7  18. bxc5  Rxb1 19. Rxb1
 dxc5  20. Nb6  Bc6
 21. Qa5  Bb7  22. Bd2
 O-O  23. Na4  Rc8
 24. Qxc7  Rxc7  25. Ba5
 1-0

[Event "TIPC 2015"]
[Site "Roux"]
[Date "2015.08.08"]
[Round "9.6"]
[White "Lux, Hugo De Melo"]
[Black "Naumkin, Igor"]
[Result "0-1"]
[BlackElo "2437"]
[WhiteElo "2135"]
[LiveChessVersion "1.4.6"]

1. e4  e6  2. d4  d5
 3. Nc3  Nf6  4. e5
 Nfd7  5. f4  c5 
6. Nf3  Nc6  7. Be3  a6
 8. Qd2  b5  9. dxc5
 Bxc5  10. Bd3  h6
 11. Ne2  Bb7  12. Ned4
 Nxd4  13. Nxd4  O-O
 14. O-O  Qc7  15. c3
 Rae8  16. Bc2  Bb6
 17. Qd3  f5  18. b4
 Re7  19. Rac1  Rc8
 20. Bb3  Nf8  21. h3
 Qd8  22. Kh2  g6
 23. Rg1  Rg7  24. g4
 fxg4  25. Rxg4  Bc6
 26. Rcg1  Bd7  27. R4g3
 Qc7  28. Bd2  Re8
 29. Qe2  Ree7  30. h4
 Be8  31. Qg2  Qa7
 32. Be3  Kh8  33. Qd2
 Qb8  34. Bf2  Nh7
 35. Bc2  g5  36. fxg5
 hxg5  37. hxg5  Bc7
 38. Nf3  Bg6  39. Bxg6
 Rxg6  40. Bd4  Nf8
 41. Kg2  Rh7  42. Rh1
 Rxh1  43. Kxh1  Kg8
 44. Qe3  Rg7  45. Nh2
 Bd8  46. g6  Bh4
 47. Ng4  Rxg6  48. Nh6+
 Kh7  49. Rh3  Rxh6
 50. Qf4  Bg5  51. Qf7+
 Kh8  52. Rxh6+  Bxh6
 53. Bc5  Bg7  54. Be7
 Qc7  55. Qh5+  Kg8
 56. Bd6  Qf7  57. Qh3
 Ng6  0-1

[Event "TIPC 2015"]
[Site "Roux"]
[Date "2015.08.08"]
[Round "9.7"]
[White "Van Mechelen, Jan"]
[Black "Werner, Ivan"]
[Result "1-0"]
[BlackElo "2030"]
[WhiteElo "2243"]
[LiveChessVersion "1.4.6"]

1. d4  Nf6  2. c4  g6
 3. Nc3  d5  4. cxd5
 Nxd5  5. e4  Nxc3
 6. bxc3  Bg7  7. Be3
 c5  8. Rc1  Qa5 
9. Qd2  cxd4  10. cxd4  Qxd2+
 11. Bxd2  O-O  12. Nf3
 Nc6  13. Be3  Bg4
 14. d5  Bxf3  15. gxf3
 Nd4  16. Bh3  Nxf3+
 17. Ke2  Nd4+  18. Kd3
 Nf3  19. Rc7  Rfe8
 20. Rd1  e5  21. dxe6
 fxe6  22. Ke2  Ne5
 23. f4  Nc6  24. Rdd7
 Bf8  25. Rxb7  e5
 26. f5  Rad8  27. f6
 Kh8  28. Rxh7+  Kg8
 1-0

[Event "TIPC 2015"]
[Site "Roux"]
[Date "2015.08.08"]
[Round "9.8"]
[White "Hoffmeister, Frank"]
[Black "Shirazi, Kamran"]
[Result "0-1"]
[BlackElo "2409"]
[WhiteElo "2215"]
[LiveChessVersion "1.4.6"]

1. d4  Nf6  2. c4  e6
 3. Nf3  d5  4. g3
 c5  5. cxd5  Nxd5
 6. Bg2  Nc6  7. O-O
 Nf6  8. dxc5  Bxc5
 9. Qxd8+ Kxd8  10. Nc3  Ke7
 11. Bf4  Nd5  12. Nxd5+
 exd5  13. Rac1  Bb6
 14. Rfd1  f6  15. Bd2
 Rd8  16. b4  a6 
17. a4  a5  18. b5  Nb4
 19. Bf4  Be6  20. Bc7
 Bxc7  21. Rxc7+  Rd7
 22. Rdc1  Kd6  23. Rxd7+
 Bxd7  24. Nd4  Rc8
 25. Rd1  Rc3  26. e4
 Rd3  27. Rxd3  Nxd3
 28. Nb3  b6  29. exd5
 Nb2  30. Kf1  Nxa4
 31. Ke1  Nc3  32. Kd2
 Nxd5  33. Nd4  Kc5
 34. Kd3  Nb4+  35. Kc3
 Na2+  36. Kd3  Bxb5+
 37. Nxb5  Nb4+  38. Kc3
 Kxb5  39. f4  Kc5
 40. Be4  h6  41. Bg6
 b5  42. Kb3  Nc6
 43. Be8  a4+  44. Ka3
 Na5  0-1

[Event "TIPC 2015"]
[Site "Roux"]
[Date "2015.08.08"]
[Round "9.9"]
[White "Stromboli, Ettore"]
[Black "Procaccci, Sergio"]
[Result "1-0"]
[BlackElo "2043"]
[WhiteElo "2324"]
[LiveChessVersion "1.4.6"]

1. e4  d5  2. exd5  Qxd5
 3. Nc3  Qa5  4. d4
 c6  5. Bc4  Nf6 
6. Bf4  Nbd7  7. a3  e6
 8. Nf3  Ne4  9. Qd3
 Ndf6  10. O-O  Qf5
 11. Be5  Nd6  12. Qxf5
 Nxf5  13. Bd3  Nd6
 14. Ne2  Bd7  15. a4
 Be7  16. a5  O-O
 17. Nc1  Rac8  18. Nb3
 Nde8  19. c3  Ng4
 20. Bg3  c5  21. dxc5 Bxc5
 22. Rfd1  Ngf6  23. Ne5
 Bd6  24. Nxd7  Nxd7
 25. Bxd6  Nxd6  26. Be2
 Rc6  27. Nd4  Rfc8
 28. Nxc6  Rxc6  29. Bf3
 Ra6  30. Bxb7  1-0

[Event "TIPC 2015"]
[Site "Roux"]
[Date "2015.08.08"]
[Round "9.10"]
[White "Bruno, Ricardo"]
[Black "Sclacmender, Julien"]
[Result "0-1"]
[BlackElo "2209"]
[WhiteElo "2066"]
[LiveChessVersion "1.4.6"]

1. e4  c5  2. Nc3  Nc6
 3. Bb5  d6  4. Bxc6+ bxc6
 5. d3  g6 6. f4  Bg7
 7. Nf3  Rb8  8. O-O
 Nf6  9. Qe1  Bg4
 10. Kh1  Nd7  11. Ng1
 Nf8  12. Qh4  Qc8
 13. h3  h5  14. f5
 gxf5  15. exf5  Bxf5
 16. Bg5  Rxb2  17. Rae1
 Ng6  18. Ne4  Be6
 19. Qf2  Ne5  20. Qh4
 Qc7  21. Re2  Ng6
 22. Qe1  Qd7  23. Bc1
 Rxa2  24. Ng5  Be5
 25. Qf2  f6  26. N5f3
 a5  27. d4  cxd4
 28. Nxd4  Bc4  29. Ngf3
 Bxe2  30. Qxe2  c5
 31. Qd3  cxd4  32. Qxg6+
 Kd8  33. Qg7  Qe8
 34. Bd2  Qg8  0-1